| 000 | 00734nam a22002177a 4500 | ||
|---|---|---|---|
| 999 |
_c5824 _d5824 |
||
| 003 | AR-CdUCM | ||
| 008 | 190313b ||||| |||| 00| 0 spa d | ||
| 040 |
_aMUNICIPALIDAD PROVINCIAL DEL CUSCO _cBIBLIOTECA MUNICIPAL DEL CUSCO |
||
| 082 |
_a144 / _bM676 |
||
| 100 |
_aMiró Quesada, Francisco _95199 |
||
| 245 | _aHumanismo y revolución / | ||
| 260 |
_aLima : _bCasa de la cultura del Perú, _c1969. |
||
| 300 |
_a290 páginas ; _c17 cm. |
||
| 500 | _aDonación de la familia Nieto. Volumen doble | ||
| 505 | _aContenido: El humanismos y sus consecuencias -- La técnica de la critica ideológica. | ||
| 650 |
_aHumanismo _92496 |
||
| 650 |
_aSiglo XX _98 |
||
| 650 |
_aConferencias _9376 |
||
| 942 |
_2ddc _cLIBROS |
||
| 945 | _acmm | ||